Quizzes
Events
Quiz Creation
Community
Videos
Private Events
Remove Ads
Sign In
Join for FREE
Feedback
Dark Mode
Quiz Categories
Sports
Geography
Music
Movies
Television
Just For Fun
Miscellaneous
History
Literature
Language
Science
Gaming
Entertainment
Religion
Holiday
For Kids
Quiz Lab
Recent
Popular Today
Quiz Kudos Today
Editor Picks
Curator Picks
Quizzes by...
Day
Popularity
Type
Ratings
Length
Year
Community
Subscriptions
Recent Discussions
Orange Saloon
Badges
Playlists
Quests
Create
Leaderboards
Showdown
Live 5
Trivia Bingo
Activity
Puzzle Library
Sporcle Events
Private Events
Virtual Trivia
Globe League
Become a Host
Pub Owners
SporcleCon
Opinionation
Our Games
Videos
Blog
Mobile Apps
Partnerships
Remove Ads and Go Orange
Feedback
Television
TV Characters
TV Show
Sitcom
Network
Friends
Reality Shows
Cast
South Park
Star Trek
The Simpsons
Doctor Who
Television
TV Characters
TV Show
Sitcom
Network
Friends
Reality Shows
Cast
South Park
Star Trek
The Simpsons
Doctor Who
Random Quiz
Search Sporcle
×
Quiz Lab
Quiz Lab
Television
Power
Type in answers that appear in a list
Type in answers that appear in a list
Classic
Best Score? Go Orange.
Power rangers villians Stats
Can you name the power rangers villians?
By
alvin2011
20m
16 Questions
439 Plays
439 Plays
439 Plays
Comments
Comments
Give Quiz Kudos
Give Quiz Kudos
-
- Ratings
hide this ad
Replay
Link that replays current quiz
Next Quiz
Link to next quiz in quiz playlist
You Got
0%
They Got
Avg Score
47%
Avg Friend Score
Upgrade to see
Score Distribution
Jump to the score distribution portion of the page
Score
0/16
Timer
20:00
0
Plays Today
Season
Vilões
% Correct
Mighty Morphin
Rita Repulsa ou Lord Zedd
96.8%
Turbo
Divatox
71.1%
Ninja Storm
Lothor
57.9%
Wild Force
Master Org
57.4%
In Space
Astronema
55.6%
Time Force
Ransik
52.6%
Lost Galaxy
Trakeena
51.9%
Jungle Fury
Dai Shi
48.5%
Season
Vilões
% Correct
Dino Thunder
Mesogog
45.8%
RPM
Venjix
43.1%
Samurai
Master Xandred
37.8%
Lightspeed Rescue
Diabolico
35.5%
Operation Overdrive
Flurious ou Moltor
33.3%
SPD
Emperor Gruumm
30.1%
Mystic Force
Morticon ou Imperious
25.5%
Zeo
Rei Mondo
20.5%
Quiz Playlist
Details
Report
Send in Message
Add To Playlist
Classic:
Type in answers that appear in a list
Last Updated: Feb 16, 2017
Quiz Scoreboard
CHALLENGE
Sign Up to Join the Scoreboard
Show All
Scores
Hide
Comments
May contain spoilers
Recently Published
9x9 Crossword: Cartoon Network
by jackfrog10
Miscellaneous
3m
College Basketball Coaching Resumes
by pancakes188
Sports
9m
Billboard Blitz: Fleetwood Mac
by CooCooCachoo
Music
15s
More to Explore
Quiz From the Vault
Featured Blog Post
Where Did the Easter Bunny Come From?
hide this ad
You Might Also Like...
Tags
Power
Ranger
season
Villains
Today's Top Quizzes in Television
Browse Television
hide this ad
Today's Top Quizzes in Power
Browse Power
Top Contributed Quizzes in Television
1
5-to-1: The Simpsons Families
2
5-to-1: Television Doctors
3
7-to-1: TV Show Settings
4
5-to-1: Streaming Originals
5
Adjectives in 00s TV Shows
6
One Piece Logic Puzzle
7
Survivor Seasons
8
Adjectives in 80s TV Shows
9
All US Survivor Seasons in Order
10
Adjectives in 10s TV Shows
Explore More
Trending Topics
Harry Potter
Kpop
Marvel
Disney
NBA
Anime
Crossword
Soccer
The Office
WWE
Pokémon
Country
Puzzle
NFL
Song
hide this ad
More By:
alvin2011
Quiz
Plays
Rating
Category
Featured
Created
Power Rangers by Color
3,655
2.83
Television
Sep 15, 2011
Power Rangers by Season
1,066
3.67
Television
Mar 1, 2011
power rangers villians
439
1.50
Television
May 3, 2011
Super Street Fighter Characters Rivals
353
1.00
Gaming
Feb 13, 2011
Super Street Fighter 4 Characters
311
3.00
Gaming
Oct 1, 2011
Go to Creator's Profile
Score Distribution
Quiz Creator Spotlight
alvin2011
Follow
Send a Message
Quizzes Created
-
Created Quiz Play Count
-
More By This Creator
Popular Quizzes Today
1
Find the US States - No Outlines Minefield
2
Find the Countries of Europe - No Outlines Minefield
3
The Countries of the World
4
Find the US States
5
Risky Map Clicking: Biggest States A-Z
6
US States
7
Popular People in 1961
8
Movies - When Are They Set?
More Television Quizzes
Netflix, Hulu, or Amazon Prime? (Multiple Choice)
Published
Trending Quizzes
Risky Map Clicking: Least Populous States A-Z
1-10 Letter G Words
1-10 Letter F Words
Risky Map Clicking: Next State Alphabetically
Adjectives in 80s TV Shows
Recently Updated
Leaping Animals
pecheneg
Reality TV Shows (A-Z)
bhenderson79
Rickey Henderson's Hall of Fame Teammates
pecheneg
Champions League XIs: Arsenal
pecheneg
Quick Pick: Celebrities in WWE's Hall of Fame
aduchscher
A-Z Keypad Blitz II
pecheneg
Multiple Oscar Actors
pecheneg
Mystery Phrase Blitz: Oscar 'Best Actors'
pecheneg
F. Scott Fitzgerald Novels
LTH
Pick 3 Villains
ddd62291
Trending Topics
Harry Potter
NBA
Kpop
Crossword
Marvel
Anime
Disney
NFL
The Office
Pokémon
Soccer
Song
Country
WWE
Puzzle
Your Account Isn't Verified!
In order to create a playlist on Sporcle, you need to verify the email address you used during registration. Go to your
Sporcle Settings
to finish the process.
Report this User
Report this user for behavior that violates our
Community Guidelines
.
Details:
Send Report
Go to the Sporcle.com Mobile Site →
Comments